|
|
|
|
| LEADER |
01486nam a2200361 i 4500 |
| 001 |
38019 |
| 003 |
BD-DhAAL |
| 005 |
20220310105401.0 |
| 008 |
220310t2017 enk b 001 0 eng d |
| 999 |
|
|
|c 43731
|d 43731
|
| 010 |
|
|
|a 2017046478
|
| 020 |
|
|
|a 9780141986661
|
| 040 |
|
|
|a DLC
|b eng
|c DLC
|e rda
|d DLC
|d BD-DhAAL
|
| 042 |
|
|
|a pcc
|
| 043 |
|
|
|a d------
|a n-us---
|
| 050 |
0 |
0 |
|a HF1418.5
|b .S752 2018
|
| 082 |
0 |
0 |
|a 303.482
|2 23
|
| 100 |
1 |
|
|a Stiglitz, Joseph E.,
|e author.
|9 46715
|
| 245 |
1 |
0 |
|a Globalization and its discontents revisited :
|b anti-globalization in the era of Trump /
|c Joseph E. Stiglitz.
|
| 260 |
|
|
|a London :
|b Penguin Books,
|c c2017.
|
| 300 |
|
|
|a lii, 472 pages ;
|c 21 cm.
|
| 504 |
|
|
|a Includes bibliographical references and index.
|
| 541 |
|
|
|a Donated By Akbar Ali Khan
|e 38019
|
| 610 |
2 |
0 |
|a International Monetary Fund
|z Developing countries.
|9 46716
|
| 650 |
|
0 |
|a International economic integration.
|9 46717
|
| 650 |
|
0 |
|a Foreign trade regulation.
|9 46718
|
| 650 |
|
0 |
|a International finance.
|9 46719
|
| 650 |
|
0 |
|a Globalization
|x Economic aspects
|z Developing countries.
|9 46720
|
| 651 |
|
0 |
|a United States
|x Commercial policy.
|9 46721
|
| 651 |
|
0 |
|a United States
|x Politics and government
|y 2017-
|9 46722
|
| 852 |
|
|
|a Ayesha Abed Library
|c Akbar Ali Khan Collection
|
| 942 |
|
|
|2 ddc
|c BK
|
| 952 |
|
|
|0 0
|1 0
|2 ddc
|4 0
|6 303_482000000000000_STI
|7 1
|9 70078
|a BRACUL
|b BRACUL
|c AAKC
|d 2022-03-10
|e Donated by Akbar Ali Khan
|l 0
|o 303.482 STI
|p 3010038019
|r 2022-03-10
|t 1
|w 2022-03-10
|y BK
|